[Event "PRO League Group Stage"]
[Site "chess.com INT"]
[Date "2018.02.07"]
[Round "5"]
[White "Ehlvest, Jaan"]
[Black "Hemant, Sharma2"]
[Result "1-0"]
[WhiteTitle "GM"]
[BlackTitle "IM"]
[WhiteElo "2536"]
[BlackElo "2348"]
[WhiteTeam "Estonia Horses"]
[BlackTeam "Delhi Dynamite"]
[WhiteFideId "4500016"]
[BlackFideId "5025842"]
[EventDate "2018.01.18"]

1. c4 e6 2. Nf3 Nf6 3. g3 d5 4. Bg2 c6 5. O-O Be7 6. b3 O-O 7. Bb2 Nbd7 8. d3 b6
9. Nbd2 Bb7 10. e4 c5 11. cxd5 exd5 12. e5 Ne8 13. Re1 Nc7 14. d4 Ne6 15. Nf1
Re8 16. Ne3 g6 17. h4 Bf8 18. Nh2 Nc7 19. h5 cxd4 20. Bxd4 Nxe5 21. Neg4 Nd7 22.
Qd2 Ne6 23. Bb2 Qg5 24. f4 Qxh5 25. Ne5 Bc5+ 26. Kh1 Nxe5 27. Rxe5 Qh6 28. Rae1
Rad8 29. b4 Bf8 30. Kg1 Be7 31. Ng4 Qf8 32. f5 Bg5 33. Qxg5 Nxg5 34. Rxe8 Rxe8
35. Nf6+ Kg7 36. Nxe8+ Kh6 37. Bg7+ Qxg7 38. Nxg7 Kxg7 39. Re7 Bc8 40. fxg6 hxg6
41. Rxa7 d4 42. Kf2 Kf6 43. Rc7 Be6 44. a4 Ke5 45. a5 bxa5 46. bxa5 Ne4+ 47.
Bxe4 Kxe4 48. a6 Bd5 49. a7 f5 50. Rc8 1-0

[Event "PRO League Group Stage"]
[Site "chess.com INT"]
[Date "2018.02.07"]
[Round "5"]
[White "Manukian, Artak"]
[Black "Abdusattorov, Nodirbek"]
[Result "0-1"]
[BlackTitle "IM"]
[WhiteElo "2196"]
[BlackElo "2516"]
[WhiteTeam "Armenia Eagles"]
[BlackTeam "Volga Stormbringers"]
[WhiteFideId "13301373"]
[BlackFideId "14204118"]
[EventDate "2018.01.18"]

1. e4 c5 2. Nf3 d6 3. Bb5+ Nd7 4. O-O Nf6 5. Re1 a6 6. Bd3 e6 7. a4 b6 8. c3 Bb7
9. Na3 Be7 10. Bb1 Rc8 11. d4 cxd4 12. cxd4 h6 13. Qe2 Rc7 14. Bf4 O-O 15. Bd3
Qa8 16. Rad1 Rfc8 17. h3 Bf8 18. Nb1 Re8 19. Bg3 e5 20. dxe5 Nxe5 21. Nxe5 dxe5
22. Nc3 Bb4 23. Bh4 Nd7 24. Bc4 Bxc3 25. bxc3 Nc5 26. Rd6 Nxe4 27. Rxb6 Nxc3 28.
Qd3 Nd5 29. Bxd5 Bxd5 30. Rxa6 Qb7 31. Qb5 Qc8 32. Rd6 Bc6 33. Qa5 e4 34. Bg3
Rd7 35. Rxd7 Qxd7 36. Qb4 e3 37. fxe3 Bxa4 38. Qd4 Qc6 39. e4 Bb3 40. Kh2 Qc2
41. Qf2 Qc6 42. Re3 Bc2 43. e5 Be4 44. Re2 Bd5 45. Rd2 Be6 46. Rd6 Qa8 47. Qd2
Bf5 48. Bh4 Qe4 49. Bg3 Kh7 50. Qd4 Qc2 51. Qd2 Qb3 52. Qf4 Bg6 53. Qd4 Rc8 54.
e6 f6 55. e7 Re8 56. Rd7 Qe6 57. Qd6 Qe2 58. Qd2 Qxd2 59. Rxd2 Rxe7 60. Rf2 Rb7
61. Bf4 Be4 62. Bg3 Kg6 63. Re2 Bd5 64. Rd2 Be6 65. Re2 Bf5 66. Rf2 Rb3 67. Bf4
Be4 68. Re2 Kf5 69. Bg3 Bb7 70. Rf2+ Ke6 71. Re2+ Kf7 72. Rc2 g5 73. h4 Kg6 74.
hxg5 hxg5 75. Rd2 Be4 76. Re2 Kf5 77. Rf2+ Kg4 78. Bd6 f5 79. Re2 Rb6 80. Bc7
Rb7 81. Be5 Rb4 82. Bd6 Rc4 83. Be5 f4 84. Rd2 Rc6 85. Rd4 Kf5 86. Bb8 Rc2 87.
Kg1 Rxg2+ 88. Kf1 Rb2 89. Rd8 Kg4 90. Rg8 Kf3 91. Ke1 Rb5 92. Kd2 Rd5+ 93. Kc3
g4 94. Rf8 Rf5 95. Rc8 g3 96. Ba7 Kg2 97. Re8 f3 98. Rxe4 f2 99. Re2 Kf3 100.
Re3+ Kg2 101. Re2 Kh3 0-1

[Event "PRO League Group Stage"]
[Site "chess.com INT"]
[Date "2018.02.07"]
[Round "5"]
[White "Maurizzi, Marc Andria"]
[Black "Borisek, Jure"]
[Result "0-1"]
[WhiteTitle "CM"]
[BlackTitle "GM"]
[WhiteElo "2018"]
[BlackElo "2576"]
[WhiteTeam "Marseille Migraines"]
[BlackTeam "Ljubljana Turtles"]
[WhiteFideId "36083534"]
[BlackFideId "14603152"]
[EventDate "2018.01.18"]

1. e4 e5 2. Nf3 Nc6 3. d4 exd4 4. Nxd4 Bc5 5. Nb3 Bb6 6. Nc3 Nf6 7. Qf3 a5 8.
Na4 Nd4 9. Nxd4 Bxd4 10. c3 Ba7 11. Be3 Bxe3 12. Qxe3 O-O 13. Bd3 d5 14. e5 Ng4
15. Qf3 Nxe5 16. Qg3 Nxd3+ 17. Qxd3 Re8+ 18. Kf1 b6 19. Kg1 Ba6 20. Qf3 Bb5 21.
b3 Bxa4 22. bxa4 Qd7 23. g3 Qxa4 24. Qxd5 Rad8 25. Qf3 Rd2 26. Kg2 Qe4 27. Rad1
Qxf3+ 28. Kxf3 Ree2 29. Rxd2 Rxd2 30. Ke3 Rxa2 31. Rd1 g6 32. Rd7 c5 33. Rd6 Rb2
34. h4 h5 35. f4 a4 36. Rd8+ Kg7 37. Ra8 b5 38. Ra5 Rb3 39. Kd2 a3 40. c4 b4 0-1

[Event "PRO League Group Stage"]
[Site "chess.com INT"]
[Date "2018.02.07"]
[Round "5"]
[White "Maurizzi, Marc Andria"]
[Black "Sebenik, Matej"]
[Result "0-1"]
[WhiteTitle "CM"]
[BlackTitle "GM"]
[WhiteElo "2018"]
[BlackElo "2551"]
[WhiteTeam "Marseille Migraines"]
[BlackTeam "Ljubljana Turtles"]
[WhiteFideId "36083534"]
[BlackFideId "14602296"]
[EventDate "2018.01.18"]

1. e4 e6 2. d4 d5 3. exd5 exd5 4. Nf3 Bd6 5. Bd3 Nc6 6. O-O Nge7 7. c3 Bg4 8. h3
Bh5 9. Be3 Qd7 10. Nbd2 Bg6 11. Qc2 f6 12. b4 b6 13. Rfe1 O-O 14. Bxg6 Nxg6 15.
Nf1 a5 16. a3 Nce7 17. Bd2 a4 18. Ne3 b5 19. Rad1 c6 20. Bc1 Rae8 21. Qb1 Bc7
22. Qc2 Bb8 23. Qb1 Nc8 24. Qf5 Qc7 25. Nf1 Nd6 26. Qc2 Ne4 27. N3d2 f5 28. f3
Nd6 29. Nb1 Qf7 30. Qf2 f4 31. Rxe8 Rxe8 32. Re1 Nf5 33. Bd2 Ngh4 34. Rxe8+ Qxe8
35. Be1 Qg6 36. Qe2 Ng3 37. Nxg3 fxg3 38. Nd2 Kf7 39. Nf1 Qb1 40. Qe3 Qc2 41.
Qg5 Qxg2# 0-1

[Event "PRO League Group Stage"]
[Site "chess.com INT"]
[Date "2018.02.07"]
[Round "5"]
[White "Harvey, Marcus R"]
[Black "Perez, Flavio"]
[Result "0-1"]
[WhiteTitle "FM"]
[BlackTitle "FM"]
[WhiteElo "2349"]
[BlackElo "2279"]
[WhiteTeam "London Lions"]
[BlackTeam "Cannes Blockbusters"]
[WhiteFideId "400092"]
[BlackFideId "623911"]
[EventDate "2018.01.18"]

1. Nf3 d5 2. g3 c6 3. Bg2 Nf6 4. O-O Bg4 5. d3 e6 6. Nbd2 Nbd7 7. h3 Bh5 8. c3
Bd6 9. a4 O-O 10. g4 Bg6 11. Nh4 a5 12. Nxg6 hxg6 13. e4 Qc7 14. Qe2 Rad8 15. d4
e5 16. f4 exd4 17. e5 dxc3 18. bxc3 Bc5+ 19. Kh1 Nh7 20. Nb3 Be7 21. e6 Nc5 22.
Nd4 Bd6 23. Ba3 Rde8 24. Bxc5 Bxc5 25. Rae1 f5 26. g5 Re7 27. h4 Bxd4 28. cxd4
Rfe8 29. h5 Nf8 30. hxg6 Rxe6 31. Qf2 Rxe1 32. Rxe1 Rxe1+ 33. Qxe1 Nxg6 34. Qe6+
Qf7 35. Qc8+ Kh7 36. Bh3 Nh4 37. Kh2 Nf3+ 38. Kg3 Nxd4 39. Kh4 g6 40. Qd8 Ne6
41. Qxa5 Nxf4 42. Qc3 Ne6 43. Qe3 d4 44. Qe5 Qe7 45. Kg3 Qxg5+ 46. Kf3 Qe7 47.
Kf2 Qh4+ 48. Ke2 Nf4+ 49. Kd1 Nxh3 50. Qc7+ Kh6 51. Qxb7 Nf2+ 52. Ke2 Ne4 53.
Qb4 Qf2+ 54. Kd1 d3 55. Qf8+ Kh5 56. Qh8+ Kg4 57. Qh2 Qxh2 58. a5 Qe2+ 59. Kc1
Qc2# 0-1

[Event "PRO League Group Stage"]
[Site "chess.com INT"]
[Date "2018.02.07"]
[Round "5"]
[White "Harvey, Marcus R"]
[Black "Cornette, Matthieu"]
[Result "0-1"]
[WhiteTitle "FM"]
[BlackTitle "GM"]
[WhiteElo "2349"]
[BlackElo "2611"]
[WhiteTeam "London Lions"]
[BlackTeam "Cannes Blockbusters"]
[WhiteFideId "400092"]
[BlackFideId "620084"]
[EventDate "2018.01.18"]

1. e4 e5 2. Nf3 Nc6 3. d4 exd4 4. Bc4 Nf6 5. O-O Nxe4 6. Re1 d5 7. Bxd5 Qxd5 8.
Nc3 Qh5 9. Nxe4 Be6 10. Bg5 Bd6 11. c4 h6 12. Nxd6+ cxd6 13. Bf4 Qc5 14. Nd2 O-O
15. Rc1 d5 16. Nb3 Qb4 17. a3 Qa4 18. cxd5 Bxd5 19. Nc5 Qxd1 20. Rexd1 b6 21.
Na6 Rad8 22. Nc7 Bb3 23. Rd3 Na5 24. Be5 Ba4 25. b4 Nc6 26. Bf4 Rd7 27. b5 Na5
28. Be5 Rc8 29. h3 Bxb5 30. Rxd4 Rxd4 31. Bxd4 Nb3 32. Rb1 Nxd4 33. Nxb5 Nxb5
34. Rxb5 Rc1+ 35. Kh2 Rc3 36. a4 Rc4 37. a5 Rc5 38. Rxc5 bxc5 39. Kg3 f6 40. Kf4
Kf7 41. h4 g5+ 42. hxg5 hxg5+ 43. Kf5 Ke7 44. g4 Kd6 45. Ke4 a6 46. f3 Kc6 47.
f4 gxf4 48. Kxf4 c4 49. Ke3 Kc5 50. Kd2 Kb4 51. g5 fxg5 0-1

[Event "PRO League Group Stage"]
[Site "chess.com INT"]
[Date "2018.02.07"]
[Round "5"]
[White "Gabuzyan, Hovhannes"]
[Black "Dreev, Aleksey"]
[Result "1/2-1/2"]
[WhiteTitle "GM"]
[BlackTitle "GM"]
[WhiteElo "2571"]
[BlackElo "2653"]
[WhiteTeam "Rio Grande Ospreys"]
[BlackTeam "San Diego Surfers"]
[WhiteFideId "13303732"]
[BlackFideId "4100107"]
[EventDate "2018.01.18"]

1. Nf3 d5 2. g3 c6 3. Bg2 Bg4 4. O-O e6 5. d4 Nf6 6. Nbd2 Nbd7 7. Re1 Be7 8. e4
O-O 9. e5 Ne8 10. c3 c5 11. dxc5 Nxc5 12. Nb3 Nc7 13. Be3 b6 14. Nbd4 Qd7 15. b4
Ne4 16. Qd3 Bh5 17. Nd2 Nxd2 18. Bxd2 Rac8 19. a4 Rfd8 20. a5 b5 21. a6 Rb8 22.
Bf1 Bg6 23. Qe2 Rb6 24. Be3 Rdb8 25. Ra5 h5 26. Rea1 Qc8 27. Nb3 Rxa6 28. Rxa6
Nxa6 29. Bxa7 Ra8 30. Bd4 Nc7 31. Qd1 Rxa1 32. Qxa1 Bc2 33. Nc5 Bxc5 34. Bxc5
Bb3 35. Be2 h4 36. Qa7 Bc4 37. Bd1 hxg3 38. hxg3 Qa8 39. Qxa8+ Nxa8 40. Bg4 Nc7
41. f4 Kh7 42. Bb6 Ne8 43. f5 exf5 44. Bxf5+ g6 45. Bd7 Ng7 46. Kf2 Ne6 47. Ke3
Kg7 48. Bc5 Kg8 49. Be7 Kg7 50. Bf6+ Kf8 51. Bc6 Kg8 52. Kf3 Kf8 53. Bd7 Kg8 54.
Be7 Kg7 55. Bc5 Kg8 56. Kg4 Be2+ 57. Kh3 Bc4 58. Kh4 Kg7 59. Be3 Kg8 60. Bh6 Kh7
61. Be3 Kg7 62. Bxe6 fxe6 63. Kg5 Kf7 64. Bc5 Bd3 65. Bd4 Bc4 66. Bc5 Bd3 67. g4
Be2 68. Bd4 Bc4 69. Kh6 Be2 70. Kg5 Bc4 71. Bc5 Be2 72. Bd4 Bc4 73. Bc5 Be2 74.
Bd4 Bc4 75. Bc5 1/2-1/2

[Event "PRO League Group Stage"]
[Site "chess.com INT"]
[Date "2018.02.07"]
[Round "5"]
[White "Gabuzyan, Hovhannes"]
[Black "Hilby, Craig"]
[Result "1-0"]
[WhiteTitle "GM"]
[BlackTitle "IM"]
[WhiteElo "2571"]
[BlackElo "2390"]
[WhiteTeam "Rio Grande Ospreys"]
[BlackTeam "San Diego Surfers"]
[WhiteFideId "13303732"]
[BlackFideId "2062674"]
[EventDate "2018.01.18"]

1. Nf3 g6 2. e4 Bg7 3. d4 d6 4. Bc4 Nf6 5. Qe2 O-O 6. O-O Nc6 7. e5 Nd7 8. Bf4
Nb6 9. Bb3 Na5 10. h3 Nxb3 11. axb3 f6 12. e6 Nd5 13. Bd2 c6 14. Nc3 Nc7 15. d5
cxd5 16. Nd4 f5 17. Ncb5 Nxb5 18. Nxb5 d4 19. Ra4 Qb6 20. Re1 Kh8 21. Nxd4 Qc5
22. Bc3 b6 23. Rc4 Qd5 24. Rc7 Bb7 25. Nf3 Bxc3 26. bxc3 Rae8 27. c4 Qe4 28. Qd2 1-0

[Event "PRO League Group Stage"]
[Site "chess.com INT"]
[Date "2018.02.07"]
[Round "5"]
[White "Flores Rios, Mauricio"]
[Black "Thavandiran, Shiyam"]
[Result "1-0"]
[WhiteTitle "GM"]
[BlackTitle "IM"]
[WhiteElo "2529"]
[BlackElo "2399"]
[WhiteTeam "Minnesota Blizzard"]
[BlackTeam "Montreal Chessbrahs"]
[WhiteFideId "3408027"]
[BlackFideId "2605058"]
[EventDate "2018.01.18"]

1. d4 Nf6 2. c4 c5 3. Nf3 cxd4 4. Nxd4 e6 5. Nc3 a6 6. e4 Qc7 7. a3 b6 8. Be3
Bb7 9. f3 Be7 10. Be2 O-O 11. Rc1 d6 12. O-O Nbd7 13. b4 Rac8 14. Qd2 Qb8 15.
Rc2 Bd8 16. Kh1 Bc7 17. Bg1 Kh8 18. Rb1 Rg8 19. Na4 Ba8 20. b5 Nc5 21. Nc3 a5
22. Nc6 Bxc6 23. bxc6 Qa8 24. Nb5 Bb8 25. c7 Bxc7 26. Nxc7 Rxc7 27. Rxb6 Rc6 28.
Rxc6 Qxc6 29. Qxa5 Rb8 30. e5 Nfd7 31. exd6 Qxd6 32. Rd2 Qc6 33. Qc3 Rb3 34. Qc1
h6 35. Bd1 Rb8 36. Rb2 Rc8 37. Be2 Qa4 38. Rb4 Qc6 39. Rb5 Kg8 40. Qe3 Qa6 41.
Qc3 Qc6 42. Bd4 f6 43. Kg1 e5 44. Be3 Qd6 45. Rb1 Qc6 46. Rd1 Nf8 47. Rd5 Nfe6
48. Qc2 Nd7 49. Qd1 Ndc5 50. Rd6 Qa8 51. Qd5 Qxa3 52. Kf2 Re8 53. Rc6 Rd8 54.
Bxc5 1-0

[Event "PRO League Group Stage"]
[Site "chess.com INT"]
[Date "2018.02.07"]
[Round "5"]
[White "Flores Rios, Mauricio"]
[Black "Van Foreest, Jorden"]
[Result "0-1"]
[WhiteTitle "GM"]
[BlackTitle "GM"]
[WhiteElo "2529"]
[BlackElo "2629"]
[WhiteTeam "Minnesota Blizzard"]
[BlackTeam "Montreal Chessbrahs"]
[WhiteFideId "3408027"]
[BlackFideId "1039784"]
[EventDate "2018.01.18"]

1. d4 d5 2. c4 dxc4 3. e3 Nf6 4. Bxc4 e6 5. Nf3 c5 6. O-O Nc6 7. dxc5 Qxd1 8.
Rxd1 Bxc5 9. b3 O-O 10. Bb2 a6 11. Nc3 b5 12. Bd3 Bb7 13. Ne4 Be7 14. Rac1 Nb4
15. Nxf6+ Bxf6 16. Bxf6 gxf6 17. Bb1 Bxf3 18. gxf3 Rac8 19. Kf1 Kg7 20. Ke2 Nd5
21. Rg1+ Kh6 22. f4 Rg8 23. Kf3 Rxg1 24. Rxg1 f5 25. Ke2 Rd8 26. Rc1 b4 27. Bd3
Nc3+ 28. Kd2 a5 29. f3 Rg8 30. Bf1 Rg1 31. a3 Rh1 32. axb4 axb4 33. h3 Kh5 34.
Ba6 Rxc1 35. Kxc1 Kh4 36. Kd2 Kxh3 37. Kd3 Kg3 38. Kc4 Na2 39. e4 h5 40. exf5
exf5 41. Bc8 Kxf4 42. Kd3 h4 43. Ke2 Nc1+ 44. Kf2 Nxb3 45. Kg2 Nd4 46. Bb7 b3
47. Bd5 b2 48. Ba2 Nxf3 49. Kh1 Kg3 50. Bb1 Nd4 51. Kg1 h3 52. Kh1 f4 53. Kg1
h2+ 54. Kh1 f3 55. Bd3 Ne2 56. Bxe2 b1=Q+ 0-1

[Event "PRO League Group Stage"]
[Site "chess.com INT"]
[Date "2018.02.07"]
[Round "5"]
[White "Perez, Maximiliano"]
[Black "Erenburg, Sergey"]
[Result "1-0"]
[WhiteTitle "IM"]
[BlackTitle "GM"]
[WhiteElo "2399"]
[BlackElo "2564"]
[WhiteTeam "Buenos Aires Krakens"]
[BlackTeam "Montclair Sopranos"]
[WhiteFideId "117234"]
[BlackFideId "2805642"]
[EventDate "2018.01.18"]

1. e4 c6 2. d4 d5 3. e5 Bf5 4. Nf3 e6 5. Be2 Ne7 6. Nbd2 c5 7. O-O Nec6 8. c3
Nd7 9. a3 Qb6 10. Qb3 cxd4 11. Qxb6 Nxb6 12. cxd4 Be7 13. b4 Na4 14. Bb5 Nc3 15.
Bxc6+ bxc6 16. Nb3 Be4 17. Ne1 f6 18. f3 Bg6 19. Bd2 Na4 20. Rc1 Kd7 21. Be3
Rhc8 22. Rf2 Bd8 23. f4 a5 24. g4 axb4 25. axb4 Rcb8 26. f5 Bf7 27. Nc5+ Nxc5
28. bxc5 Rb3 29. Ng2 h5 30. fxe6+ Bxe6 31. gxh5 fxe5 32. dxe5 Be7 33. h4 Rh8 34.
Ra2 Rb7 35. Nf4 Bxh4 36. Rg2 Rh7 37. Rg6 Bf5 38. Rd6+ Kc7 39. e6 Rh8 40. Bd4 Be7
41. Be5 Rd8 42. Nxd5+ cxd5 43. Rb6+ Kc8 44. Rc6+ 1-0

[Event "PRO League Group Stage"]
[Site "chess.com INT"]
[Date "2018.02.07"]
[Round "5"]
[White "Perez, Maximiliano"]
[Black "Bartell, Thomas"]
[Result "1-0"]
[WhiteTitle "IM"]
[BlackTitle "IM"]
[WhiteElo "2399"]
[BlackElo "2344"]
[WhiteTeam "Buenos Aires Krakens"]
[BlackTeam "Montclair Sopranos"]
[WhiteFideId "117234"]
[BlackFideId "2017849"]
[EventDate "2018.01.18"]

1. e4 c5 2. Nf3 Nc6 3. d4 cxd4 4. Nxd4 g6 5. c4 Bg7 6. Be3 Nf6 7. Nc3 d6 8. Be2
O-O 9. O-O a5 10. Qd2 a4 11. Ndb5 Qa5 12. f3 Be6 13. Rfd1 Rfc8 14. Rac1 Qd8 15.
Nd5 Nd7 16. Qe1 Bxb2 17. Rb1 a3 18. Nf4 Nce5 19. Nxe6 fxe6 20. c5 Nxc5 21. f4
Ned7 22. Bg4 Nf6 23. Bh3 Qb6 24. Nd4 Qa5 25. Qh4 Qc3 26. Bf2 Ncxe4 27. Bxe6+ Kh8
28. Bxc8 Nxf2 29. Qxf2 Rxc8 30. f5 Ng4 31. Qe2 Qe3+ 32. Qxe3 Nxe3 33. Rd3 Nxf5
34. Nb5 Ra8 35. g4 Nh4 36. Re1 Bf6 37. Nxa3 b5 38. Rb1 Bd4+ 39. Kh1 Bc5 40. Nxb5
Rxa2 41. Nc3 Rc2 42. Ne4 Kg7 43. Rf1 h6 44. Rd2 Rxd2 45. Nxd2 Bd4 46. Re1 Bf6
47. Kg1 d5 48. Kf2 g5 49. Nf3 Nxf3 50. Kxf3 e5 51. Rd1 e4+ 52. Ke3 Be5 53. Rxd5
Bxh2 54. Kxe4 Kg6 55. Ra5 Bf4 56. Ra6+ Kg7 57. Kf5 Be3 58. Re6 Bd2 59. Rd6 Bc1
60. Rd7+ Kf8 61. Kg6 Bf4 62. Kxh6 Kg8 63. Kg6 Kf8 64. Kf6 Kg8 65. Rd8+ Kh7 66.
Re8 Bc1 67. Rc8 Bf4 68. Rd8 Be3 69. Rd7+ Kg8 70. Kg6 Kf8 71. Rf7+ Ke8 72. Rf5
Ke7 73. Rxg5 1-0

[Event "PRO League Group Stage"]
[Site "chess.com INT"]
[Date "2018.02.07"]
[Round "5"]
[White "Kleinman, Michael"]
[Black "Mitkov, Nikola"]
[Result "0-1"]
[WhiteTitle "IM"]
[BlackTitle "GM"]
[WhiteElo "2394"]
[BlackElo "2461"]
[WhiteTeam "Montreal Chessbrahs"]
[BlackTeam "Minnesota Blizzard"]
[WhiteFideId "2609479"]
[BlackFideId "15000290"]
[EventDate "2018.01.18"]

1. e4 e5 2. Nf3 Nc6 3. Bb5 a6 4. Ba4 d6 5. O-O Nf6 6. Re1 Bd7 7. c3 g6 8. d4 b5
9. Bc2 Bg7 10. h3 O-O 11. Nbd2 Re8 12. Nf1 Qc8 13. Ng3 Na5 14. b3 c5 15. Bb2 c4
16. b4 Nb7 17. d5 a5 18. a3 Qc7 19. Qd2 Ra6 20. Rab1 Rc8 21. Bc1 axb4 22. axb4
Ra2 23. Rb2 Rca8 24. Rxa2 Rxa2 25. Qd1 Be8 26. Be3 Qd8 27. Bb1 Ra1 28. Qc2 Qa8
29. Bc1 Nd7 30. Nh2 Nb6 31. Be3 Nd7 32. Qd2 Nd8 33. h4 h5 34. Bh6 f6 35. Be3 Nf7
36. Nf3 Qa6 37. Kh2 Nf8 38. Ng1 Kh7 39. f3 Bh6 40. Nh3 Bxe3 41. Qxe3 Nd7 42. f4
Nh6 43. Nf2 Qb6 44. Qxb6 Nxb6 45. fxe5 dxe5 46. Ne2 Bd7 47. Rd1 Ng4+ 48. Kg3 Kg7
49. Bc2 Ra2 50. Rc1 Ne3 51. Bb1 Rb2 52. Kf3 Nxg2 53. Bc2 Nxh4+ 54. Kg3 g5 55.
Nd1 Ra2 56. Ne3 Ng6 57. Ng1 Nf4 58. d6 h4+ 59. Kf3 Kf7 60. Nf5 Bxf5 61. exf5 Nd3
62. Bxd3 cxd3 63. Rd1 d2 64. Ke4 Nc4 65. Kd5 Ne3+ 66. Kc6 Nxd1 67. d7 Ra8 0-1

[Event "PRO League Group Stage"]
[Site "chess.com INT"]
[Date "2018.02.07"]
[Round "5"]
[White "Kleinman, Michael"]
[Black "Flores Rios, Mauricio"]
[Result "1/2-1/2"]
[WhiteTitle "IM"]
[BlackTitle "GM"]
[WhiteElo "2394"]
[BlackElo "2529"]
[WhiteTeam "Montreal Chessbrahs"]
[BlackTeam "Minnesota Blizzard"]
[WhiteFideId "2609479"]
[BlackFideId "3408027"]
[EventDate "2018.01.18"]

1. e4 e5 2. Nf3 Nc6 3. Bb5 a6 4. Ba4 Nf6 5. O-O Be7 6. Re1 b5 7. Bb3 d6 8. c3
O-O 9. h3 Nb8 10. d4 Nbd7 11. Nbd2 Bb7 12. Bc2 Re8 13. Nf1 Bf8 14. Ng3 g6 15. b3
c6 16. Bg5 Qc7 17. Qd2 Rac8 18. a4 exd4 19. cxd4 c5 20. Bd3 b4 21. Rac1 Qb6 22.
Qf4 Bg7 23. d5 h5 24. Bf1 Nh7 25. Bh6 Bc3 26. Nxh5 Bxe1 27. Ng5 Nxg5 28. Qxg5
Qd8 29. Qf4 Bc3 30. Rxc3 bxc3 31. Bg7 gxh5 32. Qh6 f6 33. Qh8+ Kf7 34. Qh7 Re5
35. Bh6+ Ke8 36. Qg6+ Ke7 37. Qg7+ Ke8 38. Qg6+ Ke7 39. Qg7+ Ke8 40. Qg6+ 1/2-1/2

[Event "PRO League Group Stage"]
[Site "chess.com INT"]
[Date "2018.02.07"]
[Round "5"]
[White "Brown, Michael William"]
[Black "Gabuzyan, Hovhannes"]
[Result "0-1"]
[WhiteTitle "IM"]
[BlackTitle "GM"]
[WhiteElo "2506"]
[BlackElo "2571"]
[WhiteTeam "San Diego Surfers"]
[BlackTeam "Rio Grande Ospreys"]
[WhiteFideId "2037602"]
[BlackFideId "13303732"]
[EventDate "2018.01.18"]

1. d4 Nf6 2. c4 g6 3. Nc3 d5 4. Bf4 c6 5. e3 Bg7 6. Nf3 O-O 7. Bd3 Bg4 8. h3
Bxf3 9. Qxf3 e6 10. O-O Nbd7 11. Rac1 Re8 12. Rfd1 a6 13. e4 dxe4 14. Nxe4 Nxe4
15. Bxe4 Qe7 16. Be3 Rad8 17. Bb1 Nb6 18. b3 Nc8 19. g4 Rd7 20. Rd2 Red8 21.
Rcd1 Qf6 22. Qxf6 Bxf6 23. f4 Be7 24. Be4 f5 25. Bf3 Kf7 26. Kg2 Bb4 27. Rd3 Ne7
28. Be2 Ng8 29. Bf2 Nf6 30. Bh4 Be7 31. Bf3 Bd6 32. Bg3 Bb8 33. g5 Ng8 34. h4 h5
35. gxh6 Nxh6 36. h5 Ng4 37. Bxg4 fxg4 38. h6 Kg8 39. Kf2 Kh7 40. Ke3 Rf8 41.
R3d2 g5 42. Rf2 Rdf7 43. Rdf1 Rf5 44. Ke4 gxf4 45. Bxf4 Kg6 46. Be3 Rxf2 47.
Rxf2 Rxf2 48. Bxf2 Kxh6 49. d5 Kg6 50. a4 Bh2 51. Bb6 Kf7 52. Bc5 exd5+ 53. cxd5
cxd5+ 54. Kxd5 g3 55. Bd6 Kf6 56. b4 Kf5 57. b5 axb5 58. axb5 Kg4 59. Ke6 b6 60.
Kd5 Bg1 0-1

[Event "PRO League Group Stage"]
[Site "chess.com INT"]
[Date "2018.02.07"]
[Round "5"]
[White "Brown, Michael William"]
[Black "Kambrath, Yannick"]
[Result "1-0"]
[WhiteTitle "IM"]
[BlackTitle "FM"]
[WhiteElo "2506"]
[BlackElo "2342"]
[WhiteTeam "San Diego Surfers"]
[BlackTeam "Rio Grande Ospreys"]
[WhiteFideId "2037602"]
[BlackFideId "20632525"]
[EventDate "2018.01.18"]

1. d4 Nf6 2. c4 e6 3. Nc3 Bb4 4. Qc2 O-O 5. Nf3 b6 6. e4 d5 7. e5 Ne4 8. Bd3 Bb7
9. cxd5 exd5 10. O-O Bxc3 11. bxc3 Nd7 12. Bxe4 dxe4 13. Ng5 Qe7 14. Re1 f6 15.
Qb3+ Kh8 16. Qe6 Rae8 17. Qxe7 Rxe7 18. Ba3 c5 19. Nxe4 fxe5 20. dxc5 Rf4 21. c6
Bxc6 22. Bxe7 Bxe4 23. Rad1 Bc6 24. Rxe5 h6 25. Re6 Rc4 26. Rxc6 1-0

[Event "PRO League Group Stage"]
[Site "chess.com INT"]
[Date "2018.02.07"]
[Round "5"]
[White "Sarana, Alexey"]
[Black "Ju, Wenjun"]
[Result "0-1"]
[WhiteTitle "GM"]
[BlackTitle "GM"]
[WhiteElo "2562"]
[BlackElo "2572"]
[WhiteTeam "Australia Kangaroos"]
[BlackTeam "Chengdu Pandas"]
[WhiteFideId "24133795"]
[BlackFideId "8603006"]
[EventDate "2018.01.18"]

1. d4 Nf6 2. Nf3 e6 3. Bf4 d5 4. e3 c5 5. c3 Nc6 6. Nbd2 Be7 7. Bd3 Nh5 8. Be5
f6 9. Ng5 g6 10. Nxh7 Kf7 11. Ng5+ fxg5 12. Bxh8 Qxh8 13. Qc2 Qh6 14. O-O-O Bd7
15. dxc5 Bxc5 16. e4 Nf4 17. exd5 exd5 18. Nb3 Bb6 19. g3 Nh3 20. Rd2 g4 21. Kb1
Ne5 22. Ka1 Re8 23. Nd4 Bxd4 24. cxd4 Rc8 25. Qd1 Nxd3 26. Rxd3 Nxf2 27. Rf1 Kg7
28. Qe1 Nxd3 29. Qe7+ Kh8 30. Qf6+ Qg7 0-1

[Event "PRO League Group Stage"]
[Site "chess.com INT"]
[Date "2018.02.07"]
[Round "5"]
[White "Sarana, Alexey"]
[Black "Xu, Xiangyu"]
[Result "0-1"]
[WhiteTitle "GM"]
[BlackTitle "GM"]
[WhiteElo "2562"]
[BlackElo "2545"]
[WhiteTeam "Australia Kangaroos"]
[BlackTeam "Chengdu Pandas"]
[WhiteFideId "24133795"]
[BlackFideId "8608288"]
[EventDate "2018.01.18"]

1. d4 d5 2. Nf3 Bf5 3. c4 e6 4. Nc3 Nc6 5. Bf4 Bd6 6. Bxd6 Qxd6 7. e3 Nf6 8. c5
Qe7 9. Bb5 O-O 10. Bxc6 bxc6 11. Ne5 Qe8 12. Qa4 Ne4 13. Qxc6 f6 14. Qxe8 Rfxe8
15. Nc6 Nxc3 16. bxc3 a5 17. g4 Bd3 18. a4 Ra6 19. Kd2 Bc4 20. Nb4 axb4 21. cxb4
Rea8 22. a5 c6 23. Kc3 R6a7 24. h4 Rf8 25. Rhg1 Re7 26. f4 g6 27. g5 e5 28. gxf6
exd4+ 29. exd4 Re3+ 30. Kd2 Re2+ 31. Kc3 Rfe8 32. Rg3 Ba6 33. b5 Bxb5 34. a6 Re1
35. Ra2 R8e2 36. Ra5 Bc4 37. Ra3 Re3+ 38. Kd2 Rxg3 39. Rxg3 Ra1 40. f5 Kf7 41.
fxg6+ hxg6 42. h5 gxh5 43. Rg5 Kxf6 44. Rxh5 Rxa6 45. Ke3 Kg6 46. Re5 Bb5 47.
Kf4 Ra4 48. Rg5+ Kf6 49. Rf5+ Ke6 50. Re5+ Kd7 51. Ke3 Ra3+ 0-1